| 000 | 00698nam a2200217 i 4500 | ||
|---|---|---|---|
| 001 | 180687 | ||
| 003 | ES-MaACL | ||
| 005 | 20250618142501.0 | ||
| 008 | 120625q1957 sp |||| |dspa d | ||
| 080 | _a75 Rembrandt | ||
| 100 | 1 |
_aMas Grau, Juan. _9150747 |
|
| 245 | 1 | 0 |
_aRembrandt / _cJuan Mas Grau ; portada e ilustraciones de Chaco. |
| 260 |
_aBarcelona : _bEdiciones G.P., _c[ca. 1957] |
||
| 300 |
_a64 p. ; _c11 cm. |
||
| 490 | 1 |
_aEnciclopedia pulga ; _v323 |
|
| 600 | 0 | 4 |
_aRembrandt Harmenszoon van Rijn, _d1606-1669 _996120 |
| 700 | 1 |
_aChacopino Fabre, JoaquĆn. _9150736 |
|
| 830 | 1 |
_aEnciclopedia pulga ; _v323 _9191296 |
|
| 852 | 4 |
_aES-MaACL _j2311-F-4 |
|
| 999 |
_c180687 _d180687 |
||